| 000 | 00000nam##2200000za#4500 |
| 001 | 9.632223 |
| 003 | CaOODSP |
| 005 | 20210624214713 |
| 007 | cr ||||||||||| |
| 008 | 150407|2005||||xxc|||||o f|0| 0 fre|d |
| 020 | |a0-662-70152-6 |
| 040 | |aCaOODSP|bfre |
| 043 | |an-cn--- |
| 086 | 1 |aHS24-25/2005F-PDF |
| 110 | 1 |aCanada.|bRessources humaines et Développement des compétences Canada. |bProgramme du travail. |
| 245 | 10|aProtégez vos poumons! |h[ressource électronique] |
| 260 | |aGatineau - Québec : |bRessources humaines et Développement des compétences Canada. |cc2005. |
| 300 | |a14p.|bphotographies |
| 500 | |aLe n° de catalogue (HS24-25/2005) et l'ISBN (0-662-69293-4) de l'édition imprimée bilingue ont été incorrectement copiés dans la version électronique. |
| 504 | |aBibliographie. |
| 590 | |a13-14-Supp|b2013-05-30 |
| 775 | 08|tProtect your lungs! |w(CaOODSP)9.687782 |
| 794 | |tProtégez vos poumons!|w(CaOODSP)9.876750 |
| 856 | 40|ahttp://publications.gc.ca|qPDF|s102 Ko|uhttps://publications.gc.ca/collections/collection_2013/rhdcc-hrsdc/HS24-25-2005-fra.pdf |
| 986 | |aLT-168-10-05 |